[Event "HUN-chT2 Asztalos 1011"]
[Site "Hungary"]
[Date "2010.09.26"]
[Round "2.11"]
[White "Csernai, Barbara"]
[Black "Bator, Balazs"]
[Result "0-1"]
[WhiteElo "1783"]
[BlackElo "1976"]
[PlyCount "94"]
[EventDate "2010.09.12"]
[EventType "team-tourn"]
[EventRounds "11"]
[EventCountry "HUN"]
[SourceTitle "EXT 2012"]
[Source "ChessBase"]
[SourceDate "2011.11.24"]
[SourceVersion "1"]
[SourceVersionDate "2011.11.24"]
[SourceQuality "1"]
[WhiteTeam "Baja"]
[BlackTeam "Komlo"]
[WhiteTeamCountry "HUN"]
[BlackTeamCountry "HUN"]

1. d4 Nf6 2. c4 e6 3. Nc3 d5 4. Bg5 Nbd7 5. e3 Be7 6. Nf3 0-0 7. Be2 b6 8. 0-0 Bb7 9. a3 Ne4 10. Bxe7 Qxe7 11. Rc1 Nxc3 12. Rxc3 c5 13. dxc5 Nxc5 14. b4 Ne4 15. Rc2 a5 16. Qb1 axb4 17. Qxb4 Qxb4 18. axb4 Rfc8 19. h3 Ra4 20. Rb1 dxc4 21. Rxc4 Rxc4 22. Bxc4 h6 23. Rb2 Nd6 24. Be2 Ne4 25. Nd4 Ra1+ 26. Bf1 Bd5 27. Rc2 Rd1 28. Nf3 b5 29. Re2 Nc3 30. Rc2 Nb1 31. Re2 Bxf3 32. gxf3 Nd2 33. Rxd2 Rxd2 34. Bxb5 Rb2 35. Kg2 Rxb4 36. Bc6 g5 37. Kg3 Kg7 38. e4 Rb3 39. Ba4 Ra3 40. Bd1 Kf6 41. Kg4 Ra1 42. Bb3 Rg1+ 43. Kh5 Rh1 44. Kg4 Rg1+ 45. Kh5 Rg2 46. Kxh6 Rxf2 47. Bd1 Rd2 0-1

[Event "HUN-chT2 Asztalos 0910"]
[Site "Hungary"]
[Date "2010.02.28"]
[Round "7"]
[White "Varadi, Benedek"]
[Black "Csernai, Barbara"]
[Result "1-0"]
[WhiteElo "1729"]
[BlackElo "1813"]
[PlyCount "71"]
[EventDate "2009.11.08"]
[EventType "team-tourn"]
[EventRounds "11"]
[EventCountry "HUN"]
[SourceTitle "EXT 2011"]
[Source "ChessBase"]
[SourceDate "2010.11.26"]
[SourceVersion "1"]
[SourceVersionDate "2010.11.26"]
[SourceQuality "1"]
[WhiteTeam "Dunaujvaros"]
[BlackTeam "Baja"]
[WhiteTeamCountry "HUN"]
[BlackTeamCountry "HUN"]

1. d4 d5 2. c4 e6 3. Nc3 dxc4 4. e4 c5 5. d5 exd5 6. Nxd5 Nf6 7. Bxc4 Be6 8. Bg5 Qa5+ 9. Bd2 Qd8 10. Bg5 Nbd7 11. Nxf6+ gxf6 12. Bxe6 fxe6 13. Qh5+ Ke7 14. Bf4 Qa5+ 15. Bd2 Qa4 16. Qe2 Qc2 17. Nf3 Qxb2 18. 0-0 b6 19. Rab1 Qxa2 20. Ra1 Qc2 21. Rfc1 Qb2 22. Rcb1 Qc2 23. Ne1 Qxb1 24. Rxb1 Bg7 25. f4 Rhc8 26. f5 e5 27. Qc4 Rc6 28. Nc2 Rd6 29. Be3 a6 30. Qe2 Rc6 31. Rd1 b5 32. Qd2 Ra7 33. Nb4 Rc8 34. Qd6+ Ke8 35. Qe6+ Kd8 36. Nc6+ 1-0

[Event "HUN-chT2 Asztalos 0809"]
[Site "Hungary"]
[Date "2009.04.19"]
[Round "11"]
[White "Mausz, Antal"]
[Black "Csernai, Barbara"]
[Result "0-1"]
[WhiteElo "1870"]
[BlackElo "1813"]
[PlyCount "90"]
[EventDate "2008.10.26"]
[EventType "team-tourn"]
[EventRounds "11"]
[EventCountry "HUN"]
[SourceTitle "EXT 2010"]
[Source "ChessBase"]
[SourceDate "2010.11.25"]
[SourceVersion "1"]
[SourceVersionDate "2010.11.25"]
[SourceQuality "1"]
[WhiteTeam "Mohacs"]
[BlackTeam "Baja"]
[WhiteTeamCountry "HUN"]
[BlackTeamCountry "HUN"]

1. e4 e5 2. Nf3 Nc6 3. Bb5 a6 4. Ba4 b5 5. Bb3 Bb7 6. 0-0 Nf6 7. d3 Bc5 8. c3 d6 9. Nbd2 0-0 10. h3 h6 11. Re1 Re8 12. Nf1 Ne7 13. Nh4 Bc8 14. Qf3 Be6 15. Bxh6 gxh6 16. Qxf6 Ng6 17. Qxd8 Raxd8 18. Nxg6 fxg6 19. Nh2 Kg7 20. Nf3 Bc8 21. d4 exd4 22. cxd4 Bb6 23. Re2 Rf8 24. Kh2 g5 25. Rc2 Ba5 26. Ne1 Bb6 27. Rd1 Bb7 28. f3 Rde8 29. a4 h5 30. Nd3 g4 31. hxg4 hxg4 32. Kg3 Bc8 33. fxg4 Rxe4 34. Nf2 Re3+ 35. Kh2 Rxb3 36. axb5 Rxb5 37. Re1 Rf7 38. Rd1 Rb4 39. Kg3 Rxd4 40. Re1 Rb4 41. Ne4 d5 42. Nc3 Rxg4+ 43. Kh2 Bb7 44. Ree2 d4 45. Kh3 Rg6 0-1

[Event "HUN-chT2 Asztalos 0809"]
[Site "Hungary"]
[Date "2009.04.05"]
[Round "10"]
[White "Varadi, Benedek"]
[Black "Csernai, Barbara"]
[Result "1/2-1/2"]
[WhiteElo "1708"]
[BlackElo "1813"]
[PlyCount "69"]
[EventDate "2008.10.26"]
[EventType "team-tourn"]
[EventRounds "11"]
[EventCountry "HUN"]
[SourceTitle "EXT 2010"]
[Source "ChessBase"]
[SourceDate "2010.11.25"]
[SourceVersion "1"]
[SourceVersionDate "2010.11.25"]
[SourceQuality "1"]
[WhiteTeam "Dunaujvaros"]
[BlackTeam "Baja"]
[WhiteTeamCountry "HUN"]
[BlackTeamCountry "HUN"]

1. e4 e5 2. Nf3 Nc6 3. Bb5 a6 4. Ba4 b5 5. Bb3 Bb7 6. 0-0 Bc5 7. Re1 d6 8. c3 Nf6 9. h3 0-0 10. d3 h6 11. Nbd2 Ne7 12. Nf1 c6 13. Be3 Bxe3 14. Nxe3 Ng6 15. Nf5 Bc8 16. Ng3 Nf4 17. Ne2 N6h5 18. d4 exd4 19. Nxf4 Nxf4 20. cxd4 Qf6 21. Kh2 Qg6 22. g4 Nxh3 23. Kxh3 Qxg4+ 24. Kh2 Qh3+ 25. Kg1 Bg4 26. Re3 Rae8 27. Qd3 Bxf3 28. Rxf3 Qg4+ 29. Rg3 Qxe4 30. Qxe4 Rxe4 31. Kh2 Rxd4 32. Rag1 Rh4+ 33. Kg2 g5 34. Rd1 d5 35. Rc3 1/2-1/2

[Event "HUN-chT2 Toth 0708"]
[Site "Hungary"]
[Date "2008.04.27"]
[Round "10"]
[White "Csernai, Barbara"]
[Black "Drenyovszki, Norbert"]
[Result "1-0"]
[WhiteElo "1689"]
[BlackElo "1528"]
[PlyCount "89"]
[EventDate "2007.10.14"]
[EventType "team"]
[EventRounds "11"]
[EventCountry "HUN"]
[SourceTitle "EXT 2009"]
[Source "ChessBase"]
[SourceDate "2008.11.26"]
[SourceVersion "1"]
[SourceVersionDate "2008.11.26"]
[SourceQuality "1"]
[WhiteTeam "Bajai"]
[BlackTeam "Mezobereny"]
[WhiteTeamCountry "HUN"]
[BlackTeamCountry "HUN"]

1. d4 Nf6 2. c4 e6 3. Nc3 d5 4. Bg5 dxc4 5. e4 Be7 6. Bxc4 0-0 7. Nge2 h6 8. Bh4 Nc6 9. 0-0 Kh8 10. e5 Nh7 11. Bxe7 Qxe7 12. f4 a6 13. d5 Qc5+ 14. Kh1 Qxc4 15. dxc6 Qxc6 16. Nd4 Qd7 17. Nf3 Rd8 18. Qc2 Qe7 19. Rac1 Rd7 20. Rfd1 Nf8 21. Rxd7 Bxd7 22. Ne4 Bc6 23. Nd4 Bxe4 24. Qxe4 c6 25. f5 Qb4 26. b3 Qd2 27. Re1 Rd8 28. Nf3 Qd5 29. Qf4 exf5 30. Qxf5 Qe6 31. Qh5 Ng6 32. h3 Qe7 33. e6 Rd5 34. Qg4 Nf8 35. Nd4 Rg5 36. Qh4 f6 37. Qf4 c5 38. Nf5 Qe8 39. e7 Ng6 40. Qd6 Nxe7 41. Rxe7 Qg6 42. Qd8+ Kh7 43. Rxg7+ Qxg7 44. Nxg7 Rxg7 45. Qxf6 1-0

[Event "HUN-chT2 Toth 0708"]
[Site "Hungary"]
[Date "2007.12.09"]
[Round "4"]
[White "Csernai, Barbara"]
[Black "Pinczes, Gyula"]
[Result "1-0"]
[WhiteElo "1689"]
[BlackElo "1677"]
[PlyCount "97"]
[EventDate "2007.10.14"]
[EventType "team"]
[EventRounds "11"]
[EventCountry "HUN"]
[SourceTitle "EXT 2009"]
[Source "ChessBase"]
[SourceDate "2008.11.26"]
[SourceVersion "1"]
[SourceVersionDate "2008.11.26"]
[SourceQuality "1"]
[WhiteTeam "Bajai"]
[BlackTeam "Nadudvar"]
[WhiteTeamCountry "HUN"]
[BlackTeamCountry "HUN"]

1. d4 d5 2. c4 c6 3. Nc3 Nf6 4. Nf3 e6 5. Bg5 Be7 6. e3 Nbd7 7. Bd3 a6 8. a4 h6 9. Bh4 Qa5 10. 0-0 0-0 11. Qc2 Qd8 12. c5 Ne8 13. Bg3 f5 14. b4 b6 15. Ne5 Nxe5 16. Bxe5 a5 17. b5 bxc5 18. dxc5 Bxc5 19. bxc6 Bd6 20. Bxd6 Nxd6 21. Nb5 Ne8 22. Rfc1 Nc7 23. Qc5 e5 24. Nxc7 Qxc7 25. Qxd5+ Kh8 26. Bc4 Rd8 27. Qc5 Rd6 28. Bb5 Re6 29. Qf8+ Kh7 30. Qxf5+ Kh8 31. Bd3 g6 32. Qf8+ Kh7 33. Bc4 Qe7 34. Qxe7+ Rxe7 35. Bd5 Raa7 36. Rab1 Kg7 37. Rb5 Kf6 38. Rcc5 g5 39. Rxa5 Rxa5 40. Rxa5 Be6 41. e4 Bc8 42. f3 g4 43. Ra8 Rc7 44. a5 gxf3 45. gxf3 Ke7 46. a6 Kd8 47. a7 Ke7 48. Kf2 Kd6 49. Rb8 1-0